000 00588nam a2200181Ia 4500
008 090630s9999 xx 000 0 und d
082 _b25528
100 _aपिंगे रविंद्र.
245 _aजिवलग सारे.
_cपिंगे रविंद्र.
260 _bज्ञानदा.
_c2000
300 _a147
600 _aपिंगे रविंद्र.
630 _aजिवलग सारे.
655 _aइतर.
700 _aपिंगे रविंद्र.
730 _aजिवलग सारे.
942 _cBOOK
999 _c277384
_d277384